Información, educación y progreso político
Descripción Física:
XVI, 454 p. ; 27 cm
Colección:
Colección de Ciencias Sociales ; 6
Materias:
Política de la comunicació
MARC
| LEADER | 00000nam a2200000Ia 4500 | ||
|---|---|---|---|
| 001 | 2288 | ||
| 008 | 160829s1967 xx 000 0 cat d | ||
| 080 | |a M-1-200 | ||
| 245 | |a Información, educación y progreso político | ||
| 260 | |a Barcelona : |b Diputación Provincial de Barcelona. Instituto de Ciencias Sociales, |c 1967 | ||
| 300 | |a XVI, 454 p. ; |c 27 cm | ||
| 490 | |a Colección de Ciencias Sociales ; 6 | ||
| 650 | |a Política de la comunicació |9 32156 | ||
| 710 | 2 | |a Instituto de Ciencias Sociales (Barcelona, Catalunya) |9 54508 | |
| 901 | |a Arxiu | ||
| 942 | |n 1 | ||
| 952 | |0 0 |1 0 |4 0 |6 M1200 |7 1 |9 44741 |a Arxiu |b Arxiu |d 2016-12-01 |l 0 |o M-1-200 |p 2288 |r 2016-12-01 00:00:00 |w 2016-12-01 |y ARXIU | ||
| 999 | |c 47323 |d 47323 | ||